| 000 | 00995cam a2200277 4500 | ||
|---|---|---|---|
| 008 | 090401t1994 xxu||||| |||| 00| 0 eng d | ||
| 020 | _a0117529133 | ||
| 035 | _a(Sirsi) u72015 | ||
| 041 | _aeng | ||
| 050 | _a306.13 | ||
| 100 | _aHolmans, A.E. | ||
| 245 | _aHouse property and inheritance in the UK. | ||
| 260 |
_aLondon _bHMSO _c1994 |
||
| 300 | _a174p. ; 30cm. | ||
| 350 | _a25 | ||
| 520 | _aSurvey, commissioned by the DoE from the Office of Population Censuses and Surveys, to obtain information about inheritance in the form of house property and the uses to which the financial assets derived from it are put. Also looks at future trends and long-term effects. | ||
| 650 | _aHOME OWNERSHIP | ||
| 650 | _aHOUSE PROPERTY | ||
| 650 | _aOWNER-OCCUPATION | ||
| 690 | _aHOUSING | ||
| 700 | _aFrosztega, M. | ||
| 710 |
_aUnited Kingdom _bDepartment of the Environment _9982 |
||
| 710 |
_aOffice of Population Censuses and Surveys _91361 |
||
| 942 | _n0 | ||
| 948 | _c04/03/1997 | ||
| 999 |
_c95475 _d95475 |
||